000 00381nam a2200145Ia 4500
008 230312s9999||||xx |||||||||||||| ||und||
020 _a978-8131754566
082 _a621.381
_bBHA-B
100 _aBhattacharya;S.K
245 0 _aBasic Electrical and Electronics Engineering
260 _bPearsons
_aIndia
_c2017
300 _a747
650 _aEngineering
_vElectrical
942 _cBK
999 _c13959
_d13959